Nét độc đáo trong thơ Chế Lan Viên

Tuyển chọn các bài thơ trong các tập thơ tiêu biểu của Chế Lan Viên và những nét độc đáo trong thơ Chế Lan Viên qua các bài viết của các nhà thơ, nhà phê bình văn học khác; NV Văn học Việt Nam hiện đại 1 (1900 - 1945)...

Disgrifiad llawn

Wedi'i Gadw mewn:
Manylion Llyfryddiaeth
Prif Awdur: Xuân Trường
Fformat: Llyfr
Iaith:Undetermined
Cyhoeddwyd: H. Văn hóa - Thông tin 2012
Pynciau:
Mynediad Ar-lein:http://lrc.tdmu.edu.vn/opac/search/detail.asp?aID=2&ID=23601
Tagiau: Ychwanegu Tag
Dim Tagiau, Byddwch y cyntaf i dagio'r cofnod hwn!
Thư viện lưu trữ: Trung tâm Học liệu Trường Đại học Thủ Dầu Một
LEADER 01151nam a2200205Ia 4500
001 TDMU_23601
008 210410s9999 xx 000 0 und d
082 |a 895.922132 
090 |b X502 
100 |a Xuân Trường 
245 0 |a Nét độc đáo trong thơ Chế Lan Viên 
245 0 |c Xuân Trường (tuyển chọn) 
260 |a H. 
260 |b Văn hóa - Thông tin 
260 |c 2012 
300 |a 169 tr. 
520 |a Tuyển chọn các bài thơ trong các tập thơ tiêu biểu của Chế Lan Viên và những nét độc đáo trong thơ Chế Lan Viên qua các bài viết của các nhà thơ, nhà phê bình văn học khác; NV Văn học Việt Nam hiện đại 1 (1900 - 1945) 
650 |a Chế Lan Viên,  |d 1920-1989  |x Cuộc đời và tác phẩm; Thơ Việt Nam  |y Thế kỷ 20  |x Lịch sử và phê bình; Văn học Việt Nam  |y Thế kỷ 20  |x Lịch sử và phê bình 
856 |u http://lrc.tdmu.edu.vn/opac/search/detail.asp?aID=2&ID=23601 
980 |a Trung tâm Học liệu Trường Đại học Thủ Dầu Một